Konverzia v podnikoch Slovenskej republiky v transformačnom období. Štruktúrne aspekty doterajšieho priebehu transformačného procesu v ekonomike Slovenska a východiská pre oživenie ponukových faktorov.

Situácia v podnikoch vyrábajúcich vojenskú produkciu na konci osemdesiatych rokov. Východiskové predpoklady a možnosti konverzie vojenskej výroby v podnikovej sfére. Nová podnikateľská kultúra a konverzia ľudského kapitálu. Konverzné stratégie a predpoklady ich realizácie (export na nové trhy, diver...

Description complète

Enregistré dans:
Détails bibliographiques
Auteur principal: Schmögnerová, Brigita
Format: Chapitre de livre
Langue:slovaque
Sujets:
Tags: Ajouter un tag
Pas de tags, Soyez le premier à ajouter un tag!

MARC

LEADER 00000naa a2200000 4500
001 r012949
005 20221205075749.9
041 0 |a slo 
044 |a SK 
245 1 0 |a Konverzia v podnikoch Slovenskej republiky v transformačnom období.  |b Štruktúrne aspekty doterajšieho priebehu transformačného procesu v ekonomike Slovenska a východiská pre oživenie ponukových faktorov.  |c Brigita Schmögnerová 
520 |a Situácia v podnikoch vyrábajúcich vojenskú produkciu na konci osemdesiatych rokov. Východiskové predpoklady a možnosti konverzie vojenskej výroby v podnikovej sfére. Nová podnikateľská kultúra a konverzia ľudského kapitálu. Konverzné stratégie a predpoklady ich realizácie (export na nové trhy, diverzifikácia produkcie atď.). Priebeh konverzie v podnikoch SR. 
610 2 0 |a zmeny štruktúrne 
610 2 0 |a konverzia priemyslu 
610 2 0 |a stratégia podniková 
610 2 0 |a podnik 
610 2 0 |a Slovensko 
610 2 0 |a 1989-1992 
610 2 0 |a transformácia 
100 1 |a Schmögnerová, Brigita